000 00688nam a22001937a 4500
005 20180710160419.0
010 _aENG-123431
020 _a9788178245287
_c695.00
035 _aEN-106963
037 _bDBAD/PUB
082 _a954.0019
100 _aNovertzke, Christian Lee
245 _aHistory, bhakti,and public memeory :
_cby Christian Lee Novertzke
_bnamdev in religious and secular traditions /
260 _aRanikhet
_bPermanent Black
_c2018
270 _aHimalayana, Mall Road, Ranikhet Cantt.
_bRanikhet
_e263645
300 v _axvii,309p. :
_c22cm(pbk)
_bill.(maps)
500 _aIncludes glossaryl references and index
942 _2ddc
_cEN
_mNOV
_h954.0019
999 _c153783
_d153783